B.B.A.A. Boletín Bibliográfico de Antropología Americana

محفوظ في:

التنسيق: دورية

اللغة: Undetermined

منشور في: JSTOR
Pan American Institute of Geography and History

الموضوعات:

الوصول للمادة أونلاين: Login to view Source

الوسوم: إضافة وسم

لا توجد وسوم, كن أول من يضع وسما على هذه التسجيلة!

رقم الطلب:

LEADER 00552nas a2200157Ia 4500
008 220214c99999999xx |||||||||||| ||und||
022 |a 0186-0658 
245 0 0 |a B.B.A.A. Boletín Bibliográfico de Antropología Americana 
264 1 |b JSTOR 
264 1 |b Pan American Institute of Geography and History 
362 0 |a Vol. 12(1949)-35 (1972) 
653 1 0 |a Social Sciences 
856 4 0 |u https://www.jstor.org/journal/bbaabolbibantame 
942 |c JL 
952 |0 0  |1 0  |4 0  |7 1  |9 34127  |a JSR  |b JSR  |d 2022-02-14  |l 0  |r 2022-02-14 00:00:00  |w 2022-02-14  |y JL 
999 |c 42460  |d 42460